Nombres de soldats morts pendant la Première Guerre Mondiale - Statistiques

Statistiques générales
  • Ce quiz a été pris 34 fois
  • Le résultat moyen est 17 sur 22
Statistiques - réponses
Hint Réponse % Correct
2 051 000 Allemagne
100%
1 398 000 France
100%
722 785 Royaume-Uni
100%
1 811 000 Russie
100%
117 000 États-Unis
97%
651 000 Italie
97%
59 000 Belgique
93%
26 000 Grèce
90%
14 000 Japon
90%
59 544 Canada
86%
88 000 Bulgarie
83%
275 000 Serbie
83%
250 000 Roumanie
79%
1 100 000 Autriche-Hongrie
76%
7 000 Portugal
69%
772 000 Empire Ottoman
66%
61 928 Australie
62%
74 187 Inde
62%
18 050 Nouvelle-Zélande
55%
9 463 Afrique du Sud
48%
3 000 Monténégro
41%
1 204 Terre-Neuve
24%
Aucun quiz correspondant
Distribution des résultats
% des personnes avec chaque résultat
Percentile par nombre de réponses
Votre historique - résultats
Vous n’avez pas pris ce quiz